[Event "5th Oakham Young Masters"]
[Site "Oakham ENG"]
[Date "1992.04.01"]
[Round "9"]
[White "Waitzkin, Joshua"]
[Black "Piper, Matthew"]
[Result "1-0"]
[WhiteElo "2290"]
[BlackElo "2275"]
[EventDate "1992.03.24"]
[PlyCount "139"]
[Source "John Saunders"]

1.e4 e5 2.Nf3 Nc6 3.Bb5 a6 4.Bxc6 dxc6 5.O-O f6 6.d4 exd4 7.Nxd4 c5 8.Ne2 
Qxd1 9.Rxd1 Bd7 10.Nbc3 O-O-O 11.Be3 Bd6 12.Bf4 Bxf4 13.Nxf4 Ne7 14.Rd3 
Ng6 15.Nxg6 hxg6 16.Rad1 c4 17.Rd4 Be6 18.Nd5 Bxd5 19.Rxd5 Rxd5 20.Rxd5 
Re8 21.f3 b5 22.Kf2 c6 23.Rd1 Kc7 24.Ke3 Re7 25.f4 Kb6 26.Rd8 Kc5 27.g4 a5
28.c3 b4 29.g5 fxg5 30.fxg5 bxc3 31.bxc3 a4 32.a3 Rb7 33.e5 Rb1 34.Kf2 
Rb2+ 35.Kf3 Rb1 36.Rd4 Rf1+ 37.Ke2 Rf7 38.Ke3 Rf1 39.Re4 Re1+ 40.Kf3 Rf1+ 
41.Kg4 Kd5 42.e6 Rf8 43.e7 Re8 44.Rd4+ Ke5 45.Rxc4 Kd5 46.Rd4+ Ke5 47.Rxa4
Rxe7 48.h4 Kd5 49.h5 gxh5+ 50.Kxh5 Re3 51.Kg6 Rg3 52.Ra7 c5 53.a4 Kc4 54.
a5 Kxc3 55.a6 c4 56.Rc7 Rg1 57.a7 Ra1 58.Kxg7 Kd3 59.Kf8 c3 60.g6 c2 61.g7
Rxa7 62.Rxa7 c1=Q 63.Rd7+ Ke4 64.Re7+ Kf5 65.Rf7+ Ke4 66.g8=Q Qh6+ 67.Qg7 
Qd6+ 68.Re7+ Kf5 69.Qf7+ Kg5 70.Kg8 1-0

[Event "5th Oakham Young Masters"]
[Site "Oakham ENG"]
[Date "1992.04.01"]
[Round "9"]
[White "Livshits, Ron"]
[Black "Khurtsidze, Nino"]
[Result "1/2-1/2"]
[WhiteElo "2310"]
[BlackElo "2220"]
[EventDate "1992.03.24"]
[PlyCount "24"]
[Source "John Saunders"]

1.e4 c5 2.Nf3 e6 3.d4 cxd4 4.Nxd4 Nf6 5.Nc3 d6 6.g4 Be7 7.g5 Nfd7 8.h4 a6 
9.Be3 Nc6 10.a3 Qc7 11.h5 b5 12.Rg1 Nc5 1/2-1/2

[Event "5th Oakham Young Masters"]
[Site "Oakham ENG"]
[Date "1992.04.01"]
[Round "9"]
[White "Hsu Li Yang"]
[Black "Martinidesz, Denes"]
[Result "1-0"]
[WhiteElo "2290"]
[BlackElo "2215"]
[EventDate "1992.03.24"]
[PlyCount "97"]
[Source "John Saunders"]

1.d4 Nf6 2.c4 e5 3.dxe5 Ng4 4.Bf4 Bb4+ 5.Nd2 Nc6 6.Nf3 Qe7 7.a3 Ngxe5 8.
Nxe5 Nxe5 9.e3 Bxd2+ 10.Qxd2 d6 11.Be2 Bd7 12.O-O Bc6 13.b4 Ng6 14.Bg3 h5 
15.b5 Be4 16.f3 Bf5 17.e4 Bc8 18.Rae1 O-O 19.h3 b6 20.f4 h4 21.Bh2 Bb7 22.
Bd3 f6 23.c5 Nh8 24.c6 Bc8 25.Qf2 g5 26.fxg5 fxg5 27.Qxf8+ Qxf8 28.Rxf8+ 
Kxf8 29.e5 Nf7 30.e6 Ne5 31.Bxe5 dxe5 32.Rxe5 Ke7 33.Bc4 a6 34.Rxg5 axb5 
35.Bb3 Rxa3 36.Rg7+ Ke8 37.Rxc7 Rxb3 38.Rxc8+ Ke7 39.Rb8 Rc3 40.Rxb6 Kxe6 
41.Rxb5 Rc4 42.Rg5 Kd6 43.Rg4 Rxg4 44.hxg4 Kxc6 45.Kh2 Kd6 46.Kh3 Ke7 47.
Kxh4 Kf6 48.Kh5 Kf7 49.Kh6 1-0

[Event "5th Oakham Young Masters"]
[Site "Oakham ENG"]
[Date "1992.04.01"]
[Round "9"]
[White "Buckley, Graeme"]
[Black "Beckett, Roger"]
[Result "0-1"]
[WhiteElo "2205"]
[BlackElo "2205"]
[EventDate "1992.03.24"]
[PlyCount "78"]
[Source "John Saunders"]

1.d4 Nf6 2.Nf3 g6 3.Nc3 d5 4.Bf4 c6 5.e3 Bg7 6.Be2 Bg4 7.O-O O-O 8.h3 Bxf3
9.Bxf3 Nbd7 10.Re1 Re8 11.e4 e5 12.dxe5 Nxe5 13.exd5 Nxf3+ 14.Qxf3 Rxe1+ 
15.Rxe1 Nxd5 16.Nxd5 cxd5 17.c3 Rc8 18.Rd1 Qb6 19.Qg4 Rd8 20.Bg5 Bf6 21.
Qf4 Bxg5 22.Qxg5 Re8 23.Rd2 Re1+ 24.Kh2 Qd6+ 25.g3 Re5 26.Qf4 Qe6 27.Qf3 
b6 28.Kg2 Qc6 29.Kh2 Qc4 30.b3 Qc5 31.Kg2 b5 32.Qf6 Re6 33.Qd8+ Kg7 34.Rd3
Rf6 35.Re3 b4 36.Qe8 bxc3 37.Qe5 c2 38.Rf3 Qc6 39.g4 d4 0-1